Análisis de la representatividad e identificación de vacíos de conservación y alternativas para el SINAP del departamento del Valle del Cauca (Registro nro. 6050)

Detalles MARC
000 -CABECERA
Campo de control 01602nam a2200253 a 4500
090 ## - CLASIFICACIÓN LOCAL
Colección IAVH
Consecutivo 00765 CD-1
041 ## - IDIOMA
Código de idioma para texto/pista de sonido o título separado Español
100 ## - ASIENTO PRINCIPAL--NOMBRE PERSONAL
Nombre personal Almenteras, Dolors
110 ## - ASIENTO PRINCIPAL--NOMBRE CORPORATIVO
Unidad subordinad Corporación Autónoma Regional del Valle
245 ## - MENCION DE TITULO
Título Análisis de la representatividad e identificación de vacíos de conservación y alternativas para el SINAP del departamento del Valle del Cauca
Parte restante del título fase II
260 ## - PUBLICACION, DISTRIBUCION, ETC. (PIE DE IMPRENTA)
Lugar de publicación, distribución, etc. Cali
Nombre del editor, distribuidor, etc. Instituto Alexander von Humboldt
Fecha de publicación, distribución, etc. 2002
300 ## - DESCRIPCION FISICA
Extensión 53 p.
520 ## - NOTA DE RESUMEN, ETC.
Nota de resumen Se establece un sistema de evaluación del estado de conservación, amenaza y de prioridades de conservación de los ecosistemas naturales que aporta información para la toma de decisiones en gestión ambiental. Se elaboraron mapas de ecosistemas naturales del Valle del Cauca, se modeló retrospectivamente la distribución original de los ecosistemas naturales del Valle del Cauca previa a la influencia humana. Se modeló la distribuciòn de especies seleccionadas de aves y plantas identificando los centros de riqueza y endemismos. Se analizó la presión de la población sobre los ecosistemas naturales remanentes.
650 ## - ASIENTO SECUNDARIO DE MATERIA - TERMINO TEMATICO
Término temático o nombre geográfico como elemento de entrada Biodiversidad
650 ## - ASIENTO SECUNDARIO DE MATERIA - TERMINO TEMATICO
Término temático o nombre geográfico como elemento de entrada Conservación
650 ## - ASIENTO SECUNDARIO DE MATERIA - TERMINO TEMATICO
Término temático o nombre geográfico como elemento de entrada Especies amenazadas
650 ## - ASIENTO SECUNDARIO DE MATERIA - TERMINO TEMATICO
Término temático o nombre geográfico como elemento de entrada Actividad humana
650 ## - ASIENTO SECUNDARIO DE MATERIA - TERMINO TEMATICO
Término temático o nombre geográfico como elemento de entrada Sistema Nacional de Areas Protegidas
662 ## - ASIENTO SECUNDARIO DE MATERIA - JERARQUIA DEL NOMBRE DE LUGAR(
País o entidad mayor Colombia
Jurisdicción política de primer orden Valle del Cauca
700 ## - ASIENTO SECUNDARIO - NOMBRE PERSONAL
Nombre personal Rodríguez, Nelly
700 ## - ASIENTO SECUNDARIO - NOMBRE PERSONAL
Nombre personal Romero, Milton
700 ## - ASIENTO SECUNDARIO - NOMBRE PERSONAL
Nombre personal Morales, Mónica
773 0# - Item fuente:
Host Biblionumber 5986
Host Itemnumber 9704
Asiento principal
Edición
Lugar, editorial y fecha de publicación Bogotá Informatica documental 2007
Otro identificador del ítem - Codigo de Barras 024802
Título Informes de investigaciones IAVH en PDF
Número de control del registro
Número Internacional Normalizado para Publicaciones Seriadas - ISSN
Número Internacional Normalizado para Libros - ISBN

No hay ítems disponibles.